000 00421nam a2200145Ia 4500
008 100122s9999 xx 000 0 und d
082 _b22618
_a823
100 _aसाधले आनंद
245 _aकुमार संभव
260 _bप्रिया प्रकाशन
_c1975
300 _a184
630 _aकुमार संभव
730 _aकुमार संभव
942 _cBOOK
999 _c410390
_d410387